000 00700cam a22002174a 4500
005 20250605164020.0
008 250528s ||||||||||||||||||||||||d
035 _a16316
020 _a1556230648
040 _aGR-AtMCL
_bgre
_dGR-AtMCL
_eAACR2
245 1 _aNewsletter Publishing with Pagemaker / Macintosh Edition
260 _bDon Jones-Irwin,
_c1987
300 _a498
520 _aDesktop Newsletter Publishing, PageMaker Examined, The Macintosh in Desktop Publishing, The Process of Desktop Publishing, Glossary, Index.
700 1 _aBarry John A.
_92395
700 1 _aDavis Frederic E
_92396
700 1 _aHall Martin L. W
_92397
942 _cBK
999 _c1828
_d1828